Selvas entre dos mares (Registro nro. 17802)

Detalles MARC
000 -CABECERA
Campo de control 00974nam a22002417a 4500
005 - FECHA Y HORA DE LA ULTIMA TRANSACCION
Campo de control 20150922152956.0
008 - ELEMENTOS DE LONGITUD FIJA—INFORMACION GENERAL
Campo de control 150922t2006 ck |||||r|||| 00| 0 spa d
020 ## - ISBN
ISBN 9962614090
040 ## - FUENTE DE CATALOGACIÓN
Agencia catalogadora original CO-BoIAVH
Agencia transcriptora CO-BoIAVH
041 0# - IDIOMA
Código de idioma para texto/pista de sonido o título separado Español
044 ## - PAÍS DE PUBLICACIÓN
País de publicación Colombia
082 04 - NUMERO DE CLASIFICACION DECIMAL DEWEY
Número de clasificación 577.30723
Número del ítem H44s
100 1# - ASIENTO PRINCIPAL--NOMBRE PERSONAL
Nombre personal Heckadon Moreno, Stanley
9 (RLIN) 15838
245 1# - MENCION DE TITULO
Título Selvas entre dos mares
Parte restante del título Expediciones científicas al Istmo de Panamá, siglos XVIII-XX /
Mención de responsabilidad Stanley Heckadon-Moreno
260 ## - PUBLICACION, DISTRIBUCION, ETC. (PIE DE IMPRENTA)
Lugar de publicación, distribución, etc. Cali (Colombia):
Nombre del editor, distribuidor, etc. Instituto Smithsonian de Investigaciones Tropicales,
Fecha de publicación, distribución, etc. 2006.
300 ## - DESCRIPCION FISICA
Extensión 312 páginas :
Otros detalles físicos ilustraciones y fotografías ;
Dimensiones 26 cm.
504 ## - NOTA DE BIBLIOGRAFIA, ETC.
Nota de bibliografía Incluye referencias bibliográficas (páginas 299-312).
650 #4 - ASIENTO SECUNDARIO DE MATERIA - TERMINO TEMATICO
Término temático o nombre geográfico como elemento de entrada Bosques
Subdivisión geográfica Istmo de Panamá (Panamá)
9 (RLIN) 39485
650 #4 - ASIENTO SECUNDARIO DE MATERIA - TERMINO TEMATICO
Término temático o nombre geográfico como elemento de entrada Bosques
Subdivisión general Expediciones botánicas
Subdivisión geográfica Istmo de Panamá (Panamá)
9 (RLIN) 39486
650 #4 - ASIENTO SECUNDARIO DE MATERIA - TERMINO TEMATICO
Término temático o nombre geográfico como elemento de entrada Bosques
Subdivisión general Fauna
Subdivisión geográfica Istmo de Panamá (Panamá)
9 (RLIN) 39487
651 ## - ASIENTO SECUNDARIO DE MATERIA - NOMBRE GEOGRAFICO
Nombre geográfico Panamá
Subdivisión geográfica Istmo de Panamá
9 (RLIN) 39488
942 ## - ELEMENTOS ADICIONALES (KOHA)
Sistema de clasificación Dewey Decimal Classification
Tipo de ítem Libro
Existencias
Withdrawn status Lost status Sistema de Clasificación Damaged status No para préstamo Colección Inventariado Ubicación Permanente Ubicación actual Fecha de adquisición Fuente de Valor Valor Total Checkouts Número topográfico Inventario / Código de Barras Date last seen Ejemplar Price effective from Forma de adquisición Tipo de material
    Dewey Decimal Classification     General Inventariado 2017 Bogotá Bogotá 22/09/2015 Instituto 39000.00   LB-577.30723 H44s 035219 22/09/2015 Ej. 1 22/09/2015   Libro